000
00312nam a2200109Ia 4500
008
171211s9999 xx 000 0 und d
245
_a
Implementing Microsoft Dynamics NAV, Third Edition
245
_c
Alex Chow
260
_c
2016
650
_x
SOFTWARE
856
_u
http://down.ebook777.com/061/9781784397555.pdf
999
_c
349362
_d
349362